000 00668nam a22002177a 4500
003 UA-OsUOA
001 76430
007 ta
008 20110705b un ||||| |||| 00| 0 ukr d
100 _aГершкович Я.П.
090 _a902
_bГ42
942 _cSA
040 _aUA-OsUOA
_bukr
_cUA-OsUOA
_dUA-OsUOA
245 _aПсевдоархеологія на пострадянських просторах: неусвідомлена небезпека
300 _aС.110-119
955 _a0
041 _aukr
080 _a902
773 0 _w76422
_tАрхеологія
_dК.
_d2011
_g2
650 7 _a9 Географія. Біографії. Історія
_2UDC
999 _c362733
_d362733